Vzťah ako tanec: spolu a každý sám. Komunikácia a medziľudské vzťahy

Recenzovaná publikácia "Vzťah ako tanec: spolu a každý sám. Komunikácia a medziľudské vzťahy" od A.S. Luknica je hlboko teoreticky erudovaným rozborom komunikácie ako dorozumievajúceho prostriedku. Autor v nej precizuje množstvo výrazových prostriedkov na pozadí reálne jestvujúcich situácií.

Gespeichert in:
Bibliographische Detailangaben
1. Verfasser: Korček, Ľudovít
Weitere Verfasser: Luknič, Arnold Steve
Format: Buchkapitel
Sprache:Slowakisch
Schlagworte:
Tags: Tag hinzufügen
Keine Tags, Fügen Sie das erste Tag hinzu!

MARC

LEADER 00000naa a2200000 4500
001 r025007
005 20230918074154.2
041 0 |a slo 
044 |a SK 
245 1 0 |a Vzťah ako tanec: spolu a každý sám. Komunikácia a medziľudské vzťahy  |c Ľudovít Korček, Arnold Steve Luknic 
520 |a Recenzovaná publikácia "Vzťah ako tanec: spolu a každý sám. Komunikácia a medziľudské vzťahy" od A.S. Luknica je hlboko teoreticky erudovaným rozborom komunikácie ako dorozumievajúceho prostriedku. Autor v nej precizuje množstvo výrazových prostriedkov na pozadí reálne jestvujúcich situácií. 
610 2 0 |a recenzie 
610 2 0 |a vzťahy medziľudské 
610 2 0 |a komunikácia 
610 2 0 |a správanie 
610 2 0 |a konflikty 
610 2 0 |a transformácia 
100 1 |a Korček, Ľudovít 
700 1 |a Luknič, Arnold Steve